| 000 | 00369nam a2200157Ia 4500 | ||
|---|---|---|---|
| 100 | _aBrockwell/Peter J/ Davis | ||
| 650 | _aTime series | ||
| 942 | _cBK | ||
| 366 | _f20 | ||
| 654 | _atime series | ||
| 245 | _aIntroduction to time series and forecasting | ||
| 260 |
_bSpringer _aNew Delhi _c2002 |
||
| 082 |
_a519.55/BRO _bBRO |
||
| 300 | _a434 | ||
| 546 | _aENGLISH | ||
| 999 |
_c33115 _d33115 |
||